01856cam a22003135a 45000010009000000050017000090080041000260200022000670200024000890400029001130820022001422450056001642500012002202600069002323000035003015000026003365040033003625050319003955200315007146500048010296500053010776510010011306530021011407000033011619420026011949990017012209520158012379520147013951609424620160726130843.0100217s2011 enka frb 001 0 eng d a041548717X (pbk)  a9780415487177 (pbk) aDLCbengcDLCdEG-ScBUE 04222a346.0135bINT00aInternational child law /cTrevor Buck ... [et al.] a2nd ed. aOxford ;aNew York :bRoutledge / Taylor & Francis Group,c2011. axvii, 358 p. :bill. ;c24 cm. aIndex : p. [353]-358. aBibliography : p. [331]-352.0 aChildhood and children's rights -- Introduction to international law sources and institutions -- The United Nations Convention on the Rights of the Child -- Child labour -- International parental child abduction -- Intercountry adoption -- Sexual exploitation -- Children and armed conflict -- Indigenous children. aExamines and discusses the international legal framework and issues relating to children at both a global and regional level. Analysing both public and private international legal aspects, this cross-disciplinary text promotes an understanding of the development of child law and the protection of the child.  7aChildren (International law).2BUEsh940381 7aChildren2BUEsh940382xLegal status, laws, etc. 2BUEsh bLLAAWWcJuly20161 aBuck, Trevor, d1951-940436 2ddce22k346.0135 INT c21997d21969 00102ddc40708BaccahaMAINbMAINc1STd2016-07-21ePurchaseg468.00h26080l5m5o346.0135 INTp000032975r2025-07-15 00:00:00s2024-04-15v585.00yBB 00102ddc4070aMAINbMAINc1STd2016-07-24ePurchaseg468.00h26080l3o346.0135 INTp000032935r2025-07-15 00:00:00s2024-04-15v585.00yBB